000 01125nam a2200301zi 4500
001 020769685
003 EG-ScBUE
005 20251202101724.0
008 220929n19uu xx f 000 1 eng d
040 _aUK-WkNB
_beng
_erda
_cUK-WkNB
_dEG-ScBUE
041 1 _aeng
_hfre
082 0 4 _222
_a843.5
_bANT
100 1 _aAntoine de Saint-Exupery,
_eauthor.
245 1 4 _aThe Little Prince /
_cAntoine de Saint-Exupery ; translated by Katherine Woods.
264 1 _a[Place of publication not identified] :
_b[publisher not identified] ,
_c[19--?]
300 _a98 pages ;
_c20 cm
336 _2rdacontent
_atext
_btxt
337 _2rdamedia
_aunmediated
_bn
338 _2rdacarrier
_avolume
_bnc
546 _aText in English ; translated from the original French language.
650 7 _2BUEsh
_aChildren's stories, French
_vTranslations into English.
650 7 _2BUEsh
_aPrinces
_vJuvenile fiction.
650 7 _2BUEsh
_aPride and vanity
_vJuvenile fiction.
650 7 _2BUEsh
_aLife on other planets
_vJuvenile fiction.
655 _vReading book
942 _2ddc
_cBB
999 _c31046
_d31017